000 00419nam a2200157Ia 4500
008 230917s9999||||xx |||||||||||||| ||und||
040 _e76736
_aMAIN
041 _aEnglish
082 _a658.4 L858P
100 _aLongenecker, Justin G
245 0 _aPrinciples of management and organizational behaviour
250 _a4TH ed.
260 _aColumbus
_bCharles E Merrill
_c1977
300 _axiv, 607 p.
942 _cBK
999 _c218259
_d218259